Länder mit dem Opfern der Todesstrafe - Statistiken

Allgemein
  • Dieses Quiz wurde 195 mal gespielt
  • Das Durchschnittsergebnis liegt bei 8 aus 10
Antwortstatistiken
Hint Antwort % Korrekt
Asien China
98%
Nordamerika USA
96%
Asien Iran
89%
Asien Irak
86%
Asien Pakistan
83%
Asien Saudi-Arabien
83%
Afrika Ägypten
65%
Asien Bangladesch
53%
Asien Malaysia
53%
Afrika Somalia
53%
Keine übereinstimmenden Quizze gefunden
Verteilung der Resultate
Anzahl Personen mit jedem Resultat
Perzentil nach korrekt beantworteten Fragen
Ihre Resultats-Entwicklung
Sie haben dieses Quiz noch nicht gespielt